| 000 | 00488nam a2200169Ia 4500 | ||
|---|---|---|---|
| 005 | 20250421174000.0 | ||
| 008 | 231217s9999 xx 000 0 und d | ||
| 020 | _a9788131727591 | ||
| 082 | _a001.64404 MAN;24 | ||
| 100 | _aMani, Subramanian. Gonsalves, Tomothy A. Usha Rani, A. | ||
| 245 | 0 | _aNetwork management : Principles and practice | |
| 250 | _a2nd ed. | ||
| 260 |
_c2010 _bDorling Kindersley _aNoida |
||
| 300 | _axxvi, 695 | ||
| 650 | _aNetwork,management | ||
| 942 | _cAA | ||
| 999 |
_c191829 _d191829 |
||